| 000 | 00677nam a2200253 a 4500 | ||
|---|---|---|---|
| 001 | 2807 | ||
| 005 | 20140414132005.0 | ||
| 008 | 051021s19uu xx 00 eng d | ||
| 020 | _a0721433995 | ||
| 050 |
_aTR 414 _bH21 1994 |
||
| 050 |
_aTR 372.4 _bB35 L.3(PAS) |
||
| 100 | _aHarker,Jillian | ||
| 245 | _aLearning phonic spelling/. | ||
| 260 |
_aUnited Kingdom : _bLadybird Books,Ltd, _c1994. |
||
| 300 | _a32 | ||
| 440 | _aLadybird. | ||
| 500 | _aPhonics and fluency--dictation and spelling. | ||
| 526 | _cGrade 3 | ||
| 650 |
_aReading- _xStudy and teaching. |
||
| 650 |
_aReading- _xskills. |
||
| 700 | _aGeraldine Taylor | ||
| 999 |
_c113157 _d113157 |
||